| 000 | 01731nam a2200361 i 4500 | ||
|---|---|---|---|
| 003 | DO-SdBNP | ||
| 005 | 20240411124027.0 | ||
| 007 | ta | ||
| 008 | 230508e2023 dr ahc|gr|||| 001 sdspa d | ||
| 020 | _a9789945930788 | ||
| 040 |
_aDO-SdBNP _bspa _cBNPHU _erda |
||
| 082 | 4 |
_a972.9304 _bR457e, 2023 _222 |
|
| 100 | 1 |
_92285 _aReyes Sánchez, Miguel, _d1966 - |
|
| 245 | 1 | 0 |
_aLa expedición haitiana de Dessalines a Santo Domingo / _cMiguel Reyes Sánchez |
| 250 | _a2a ed. | ||
| 264 |
_aSanto Domingo : _bAcademia Dominicana de la Historia, _c2023. |
||
| 300 |
_a212 páginas : _blustraciones, facsímil, retratos _c22 cm. |
||
| 336 |
_2rdaconten _atexto _btxt |
||
| 337 |
_2rdamedia _asin medición _bn |
||
| 338 |
_2rdacarrier _avolumen _bnc |
||
| 490 |
_aAcademia Dominicana de la Historia ; _v163 |
||
| 500 | _aIncluye datos biográficos del autor en las solapas. | ||
| 500 | _aIncluye referencias bibliográficas y notas al pie de las páginas. | ||
| 500 | _aDiscurso de ingreso como miembro de Número de la Academia Dominicana de la Historia leído el 16 de febrero de 2022. | ||
| 505 |
_aResumen-- _tAbstract-- _tAgradecimientos-- _tLa expedición haitiana de Dessalines Santo Domingo-- _tDiscurso de recepción por el Dr. Frank Moya Pons-- _tPublicaciones de la Academia Dominicana de la Historia. |
||
| 590 | _aInventariado 2023 / YL | ||
| 600 | 1 | 4 |
_aDessalines, Jean Jacques, _d1758-1806 _984105 |
| 651 | 0 |
_aRepública Dominicana -- _xHistoria -- _yOcupación haitiana , 1822-1844 _984130 |
|
| 651 | 4 |
_aRepública Dominicana _xRelaciones exteriores _zHaití _92233 |
|
| 651 | 4 |
_aHaití _xRelaciones exteriores _zRepública Dominicana _92234 |
|
| 910 | _aYLockward/Validado, Control de calidad MFF | ||
| 942 |
_2ddc _cLBS1 |
||
| 999 |
_c54677 _d54677 |
||